000 00902nam a2200241Ia 4500
001 20450
003 GE_BSU
008 181216s||||||||xx |||||||||||||| ||und||
040 _cGE_BSU
080 _a811.353.1-84(075.3=161.1)
100 _aლორთქიფანიძე,პ. ჩინჩალაძე, მ. დვალი,ს. ნემსაძე, ა.
245 _aქართული ენა
245 _bრუს. სკოლის VII კლ. სახელმძღვ.
245 _cრედ. გ. ახალაია. ლ. გურეშიძე
260 _aთბილისი
260 _bგანათლება
260 _c1983
300 _a167გვ. : ილ. ; 22სმ.
541 _h30 თ.
653 _aრუს. სკოლის VII კლ. სახელმძღვ.
653 _aქართული ენა
942 _cBK
999 _c53407
_d53407